Transformaciones agrarias y campesinado: de la participación a la exclusión

Shranjeno v:
Bibliografske podrobnosti
Glavni avtor: Ortega Riquelme, Emiliano (autor)
Format: Knjiga
Jezik:španščina
Izdano: Santiago CIEPLAN 1987
Teme:
Oznake: Označite
Brez oznak, prvi označite!

MARC

LEADER 00000nam a2200000 a 4500
001 UCX2485
003 CL-VaPUC
008 910520e19870000CL |||||||||||||||||spa|d
082 0 4 |a 338.1  |b ORT  |2 21 
100 |a Ortega Riquelme, Emiliano  |e autor  |9 420257 
245 1 0 |a Transformaciones agrarias y campesinado: de la participación a la exclusión 
300 |a 235 p 
942 |c BK 
945 |d 19910520 00:00:00  |a nfarias 
260 |a Santiago  |b CIEPLAN  |c 1987 
650 7 |a ECONOMIA AGRARIA 1952  |2 CL-VaPUC  |9 318431 
650 7 |a CAMPESINOS CONDICIONES ECONOMICAS 1952  |2 CL-VaPUC  |9 318432 
651 7 |a CHILE  |2 CL-VaPUC  |9 318433 
583 |a last modification  |c 19910520 00:00:00  |k Rodrigo Vera 
999 |c 223495  |d 223493 
952 |0 0  |1 0  |4 0  |6 338_100000000000000_ORT_1987  |7 0  |8 A  |9 219360  |a BIBHIS  |b BIBHIS  |d 2019-11-15  |i 2881020  |o 338.1 ORT 1987  |p 2881020  |r 2025-01-20  |w 2019-11-15  |y BK  |k HIS 
952 |0 0  |1 0  |4 0  |6 338_100000000000000_ORT_1987  |7 0  |8 A  |9 219361  |a BIBHIS  |b BIBHIS  |d 2019-11-15  |i 3067300  |o 338.1 ORT 1987  |p 3067300  |r 2025-01-20  |w 2019-11-15  |y BK  |k HIS